| 000 | 00000nas 2200000za 4500 |
| 001 | 9.833495 |
| 003 | CaOODSP |
| 005 | 20200331054531 |
| 007 | ta |
| 008 | 160307c20159999oncar m # f0 |0eng|d |
| 022 | |a1485-7324 |
| 040 | |aCaOODSP|beng |
| 043 | |an-cn--- |
| 086 | 1 |aFA1-22E|zFA1-2E |
| 110 | 1 |aCanada. |bOffice of the Auditor General. |
| 245 | 10|aReports of the Commissioner of the Environment and Sustainable Development. |
| 260 | |aOttawa : |bOffice of the Auditor General of Canada, |c[2015]- . |
| 310 | |aAnnual. |
| 500 | |aIssued also in French under title: Rapports de la commissaire à l'environnement et au développement durable. |
| 710 | 1 |aCanada. |bCommissioner of the Environment and Sustainable Development. |
| 775 | 08|tRapports de la commissaire à l'environnement et au développement durable.|w(CaOODSP)9.833496 |
| 776 | 0#|tReports of the Commissioner of the Environment and Sustainable Development |w(CaOODSP)9.810424 |
| 780 | 00|tReport of the Commissioner of the Environment and Sustainable Development to the House of Commons |w(CaOODSP)9.515739 |
| 785 | 00|tReports of the Commissioner of the Environment and Sustainable Development to the Parliament of Canada.|w(CaOODSP)9.842749 |